<?xml version="1.0" encoding="UTF-8"?><?xml-stylesheet type="text/xsl" href="static/style.xsl"?><OAI-PMH xmlns="http://www.openarchives.org/OAI/2.0/" xmlns:xsi="http://www.w3.org/2001/XMLSchema-instance" xsi:schemaLocation="http://www.openarchives.org/OAI/2.0/ http://www.openarchives.org/OAI/2.0/OAI-PMH.xsd"><responseDate>2026-04-28T21:15:08Z</responseDate><request verb="GetRecord" identifier="oai:uvadoc.uva.es:10324/55700" metadataPrefix="marc">https://uvadoc.uva.es/oai/request</request><GetRecord><record><header><identifier>oai:uvadoc.uva.es:10324/55700</identifier><datestamp>2025-03-04T09:47:53Z</datestamp><setSpec>com_10324_55675</setSpec><setSpec>com_10324_954</setSpec><setSpec>com_10324_894</setSpec><setSpec>col_10324_55676</setSpec></header><metadata><record xmlns="http://www.loc.gov/MARC21/slim" xmlns:doc="http://www.lyncode.com/xoai" xmlns:xsi="http://www.w3.org/2001/XMLSchema-instance" xmlns:dcterms="http://purl.org/dc/terms/" xsi:schemaLocation="http://www.loc.gov/MARC21/slim http://www.loc.gov/standards/marcxml/schema/MARC21slim.xsd">
<leader>00925njm 22002777a 4500</leader>
<datafield tag="042" ind1=" " ind2=" ">
<subfield code="a">dc</subfield>
</datafield>
<datafield tag="720" ind1=" " ind2=" ">
<subfield code="a">Aguado Vesperinas, Raúl</subfield>
<subfield code="e">author</subfield>
</datafield>
<datafield tag="720" ind1=" " ind2=" ">
<subfield code="a">Sanz Novo, Miguel</subfield>
<subfield code="e">author</subfield>
</datafield>
<datafield tag="720" ind1=" " ind2=" ">
<subfield code="a">Mata López, Santiago</subfield>
<subfield code="e">author</subfield>
</datafield>
<datafield tag="720" ind1=" " ind2=" ">
<subfield code="a">León Ona, Iker</subfield>
<subfield code="e">author</subfield>
</datafield>
<datafield tag="720" ind1=" " ind2=" ">
<subfield code="a">Alonso Hernández, José Luis</subfield>
<subfield code="e">author</subfield>
</datafield>
<datafield tag="260" ind1=" " ind2=" ">
<subfield code="c">2022</subfield>
</datafield>
<datafield tag="520" ind1=" " ind2=" ">
<subfield code="a">In the present work, we report the first rotational study of N-acetylgalactosamine, a cancer-associated sugar derivative, by means of high-resolution rotational spectroscopy. Two different conformers have been conclusively characterized using broadband Fourier transform microwave spectroscopy coupled with a laser ablation vaporization system. Additionally, we performed a comprehensive analysis of the intramolecular interactions that govern these structures, which allowed us to both characterize the existence of intramolecular hydrogen bond networks that drive the intrinsic conformation panorama of N-acetylgalactosamine and further rationalize the biological role of this aminosugar derivative as part of the Tn antigen.</subfield>
</datafield>
<datafield tag="024" ind2=" " ind1="8">
<subfield code="a">The Journal of Physical Chemistry A, 2022, vol. 126, n. 42, p. 7621–7626</subfield>
</datafield>
<datafield tag="024" ind2=" " ind1="8">
<subfield code="a">1089-5639</subfield>
</datafield>
<datafield tag="024" ind2=" " ind1="8">
<subfield code="a">https://uvadoc.uva.es/handle/10324/55700</subfield>
</datafield>
<datafield tag="024" ind2=" " ind1="8">
<subfield code="a">10.1021/acs.jpca.2c04595</subfield>
</datafield>
<datafield tag="245" ind1="0" ind2="0">
<subfield code="a">Unveiling the shape of N-Acetylgalactosamine: A cancer-associated sugar derivative</subfield>
</datafield>
</record></metadata></record></GetRecord></OAI-PMH>